Títulos y operaciones de crédito (Registro nro. 4533)
[ vista simple ]
| 000 -Cabecera | |
|---|---|
| Campo de control de longitud fija | 01077aam a2200397 4500 |
| 005 - Fecha y hora de la última transacción | |
| Campo de control | 20250819195748.0 |
| 008 - Elementos de longitud fija--Información general | |
| Campo de control de longitud fija | 150413b2005 xxu||||| |||| 00| 0 spa d |
| 041 ## - Idioma | |
| Código de idioma | Español |
| 082 ## - Clasificación Decimal Dewey | |
| Número de clasificación | 346.074 D246t |
| 100 ## - Entrada principal--Autor personal | |
| Nombre personal | Davalos Mejía, Carlos |
| 9 (RLIN) | 33186 |
| 245 ## - Título propiamente dicho | |
| Título | Títulos y operaciones de crédito |
| 260 ## - Pie de imprenta | |
| Lugar de publicación, distribución, etc. | México |
| 260 ## - Pie de imprenta | |
| Nombre del editor, distribuidor, etc. | Oxford |
| 260 ## - Pie de imprenta | |
| Fecha de publicación, distribución, etc. | 2005 |
| 300 ## - Descripción física | |
| Extensión | 775 páginas |
| 490 ## - Serie | |
| Título de la Serie | Dirección y Administración de Empresas |
| 650 ## - Materia general | |
| Temática (materia general) | DERECHO COMERCIAL |
| 650 ## - Materia general | |
| Temática (materia general) | TÍTULOS DE CREDITO |
| 650 ## - Materia general | |
| Temática (materia general) | TRANSACCIONES CON GARANTÍA |
| 650 ## - Materia general | |
| Temática (materia general) | DERECHO MERCANTIL |
| 650 ## - Materia general | |
| Temática (materia general) | CLASIFICACIÓN DE LOS TÍTULOS |
| 650 ## - Materia general | |
| Temática (materia general) | HISTORIA |
| 650 ## - Materia general | |
| Temática (materia general) | VENTAJAS DE LOS TÍTULOS |
| 650 ## - Materia general | |
| Temática (materia general) | CRÉDITO |
| 650 ## - Materia general | |
| Temática (materia general) | JUICIO DE CANCELACIÓN |
| 650 ## - Materia general | |
| Temática (materia general) | CONTRATOS |
| 650 ## - Materia general | |
| Temática (materia general) | TIPOS DE CONTRATOS |
| 650 ## - Materia general | |
| Temática (materia general) | LETRA DE CAMBIOS |
| 650 ## - Materia general | |
| Temática (materia general) | PAGARÉ |
| 650 ## - Materia general | |
| Temática (materia general) | CHEQUE |
| 650 ## - Materia general | |
| Temática (materia general) | CREDITO PRIVADO |
| 650 ## - Materia general | |
| Temática (materia general) | CERTIFICADOS FIDUCIARIOS |
| 650 ## - Materia general | |
| Temática (materia general) | CERTIFICADOS DE DEPÓSITO |
| 650 ## - Materia general | |
| Temática (materia general) | DERECHO CAMBIARIO |
| 942 ## - Punto de acceso adicional KOHA | |
| Tipo de ítem KOHA | Libro |
| Fuente del sistema de clasificación o colocación | Dewey Decimal Classification |
| Signatura completa | Código de barras | Programa Académico | Tipo de ítem |
|---|---|---|---|
| 346.074 D246t | 13341 | Dirección y Administración de Empresas | Libro |